[Event "Sparkassen-Open A"]
[Site "Heusenstamm, Martinsee"]
[Date "2024.11.22"]
[Round "3.26"]
[White "Ohler, Julius"]
[Black "Junker, Christian"]
[Result "1-0"]
[WhiteElo "2231"]
[BlackElo "2023"]
[PlyCount "87"]
[EventDate "2024.11.21"]
[WhiteTeam "SC ML Kastellaun"]
[BlackTeam "SV 1926 Neu-Isenburg"]

1. d4 f5 2. Nc3 d5 3. Bf4 c6 4. e3 Nf6 5. Bd3 e6 6. Nf3 Be7 7. O-O O-O 8. Ne2 Ne4 9. h3 a5 10. c4 Bf6 11. Qc2 Nd7 12. Bh2 g6 13. a3 Qe7 14. Rab1 Qg7 15. Nf4 Qf7 16. Be2 g5 17. Nd3 Qg7 18. Nfe5 Be7 19. b4 Nxe5 20. Nxe5 axb4 21. axb4 Nd6 22. b5 cxb5 23. cxd5 exd5 24. Bxb5 g4 25. hxg4 fxg4 26. Qc5 Bf5 27. Qxd5+ Kh8 28. Bd3 Rad8 29. Bxf5 Nxf5 30. Qe4 g3 31. fxg3 Nd6 32. Qd3 Bf6 33. g4 Nf7 34. Nxf7+ Rxf7 35. Qc4 Re7 36. Rf3 Qg5 37. Rbf1 Bg7 38. Bf4 Qxg4 39. Rg3 Qe6 40. Qb4 Rf7 41. Rff3 Rdf8 42. Qc5 Bf6 43. Be5 Rc8 44. Rxf6 1-0

[Event "Sparkassen-Open A"]
[Site "Heusenstamm, Martinsee"]
[Date "2024.11.22"]
[Round "3.27"]
[White "Stichter, Constantin Paul"]
[Black "Wolf, Ulrich Martin"]
[Result "1/2-1/2"]
[WhiteElo "1965"]
[BlackElo "2228"]
[PlyCount "59"]
[EventDate "2024.11.21"]
[WhiteTeam "SG Traunstein/Traunreut e.V."]
[BlackTeam "SK Bad Homburg 1927"]

1. e4 c5 2. Nf3 Nc6 3. Bb5 g6 4. Bxc6 dxc6 5. d3 Bg7 6. h3 Nf6 7. Nc3 Nd7 8. O-O e5 9. Nh2 Nf8 10. f4 exf4 11. Bxf4 Ne6 12. Be3 Nd4 13. Ne2 O-O 14. Nxd4 Bxd4 15. Qc1 Bxe3+ 16. Qxe3 Qd4 17. Qxd4 cxd4 18. e5 Be6 19. Nf3 Rad8 20. Rae1 h6 21. a4 c5 22. Rb1 a5 23. b3 Rfe8 24. Nd2 Bd5 25. Nc4 Re6 26. Rf6 Rde8 27. Nd6 R8e7 28. Nc8 Re8 29. Nd6 R8e7 30. Nc8 1/2-1/2

[Event "Sparkassen-Open A"]
[Site "Heusenstamm, Martinsee"]
[Date "2024.11.22"]
[Round "3.28"]
[White "Rondonuwu, Grover"]
[Black "Petersen, Henrik"]
[Result "0-1"]
[WhiteElo "2015"]
[BlackElo "2194"]
[PlyCount "74"]
[EventDate "2024.11.21"]
[WhiteTeam "Sabt Frankfurter TV 1860"]
[BlackTeam "SV 03/25 Koblenz"]

1. d4 c5 2. d5 g6 3. e4 Bg7 4. Nf3 d6 5. Be2 Nf6 6. Nc3 O-O 7. O-O e6 8. Nd2 exd5 9. exd5 b6 10. Nc4 Ba6 11. Ne3 Re8 12. Bxa6 Nxa6 13. Nc4 Nc7 14. a4 Ne4 15. Ne2 Qh4 16. Bf4 g5 17. Bxd6 Nxd6 18. Nxd6 Re5 19. c4 Rd8 20. Nb5 Nxb5 21. axb5 Qxc4 22. Nc3 Qf4 23. Rxa7 Rf5 24. g3 Qd6 25. Qd3 Qg6 26. Re1 Re5 27. Rd1 Re1+ 28. Kg2 Rxd1 29. Qxd1 g4 30. Qe2 Bd4 31. Qe7 Bf6 32. Qc7 Re8 33. Qc6 Re1 34. d6 Qh5 35. h4 gxh3+ 36. Kh2 Rf1 37. Ne4 Rh1+ 0-1

[Event "Sparkassen-Open A"]
[Site "Heusenstamm, Martinsee"]
[Date "2024.11.22"]
[Round "3.29"]
[White "Bräutigam, Thomas"]
[Black "Poysti, Nathanael"]
[Result "0-1"]
[WhiteElo "2010"]
[BlackElo "2187"]
[PlyCount "108"]
[EventDate "2024.11.21"]
[WhiteTeam "SC 1957 Bad Königshofen e.V."]
[BlackTeam "ohne Verein"]

1. d4 Nf6 2. Nf3 e6 3. g3 b5 4. Bg2 Bb7 5. O-O c5 6. a4 b4 7. Bf4 Na6 8. Nbd2 cxd4 9. Nxd4 Bxg2 10. Kxg2 d5 11. Nb5 Be7 12. Nb3 O-O 13. Be3 Qd7 14. f3 Rfc8 15. Qd2 Nc5 16. Qxb4 Nxb3 17. Qxb3 a6 18. Na3 Rab8 19. Qd3 Rxb2 20. Qxa6 Bxa3 21. Rxa3 Rcxc2 22. Rf2 e5 23. Ra1 d4 24. Bc1 Rb3 25. e4 Rxf2+ 26. Kxf2 h6 27. Qe2 d3 28. Qe3 Rb4 29. a5 Rxe4 30. fxe4 Ng4+ 31. Kf3 Nxe3 32. Bxe3 d2 33. Rd1 Qa4 34. Rxd2 Qxa5 35. g4 Qa1 36. Rg2 Qf1+ 37. Bf2 Qd1+ 38. Ke3 Qb3+ 39. Ke2 Qh3 40. Kf1 Qd3+ 41. Ke1 Qxe4+ 42. Kf1 f6 43. Be1 Kf7 44. h4 g6 45. Bd2 Qf3+ 46. Kg1 h5 47. gxh5 Qxh5 48. Be1 Ke6 49. Kf1 f5 50. Rg5 Qf3+ 51. Bf2 Kf7 52. Rg3 Qd1+ 53. Be1 f4 54. Rc3 Kf6 0-1

[Event "Sparkassen-Open A"]
[Site "Heusenstamm, Martinsee"]
[Date "2024.11.22"]
[Round "3.30"]
[White "Rempe, Jonas"]
[Black "Wachsmann, Elmar"]
[Result "1-0"]
[WhiteElo "2182"]
[BlackElo "2011"]
[PlyCount "83"]
[EventDate "2024.11.21"]
[WhiteTeam "SK Doppelbauer Kiel von 1910 e.V"]
[BlackTeam "SC Groß-Umstadt"]

1. e4 e5 2. Nf3 Nc6 3. Bb5 a6 4. Ba4 Nf6 5. O-O Be7 6. Re1 b5 7. Bb3 O-O 8. c3 d5 9. exd5 Nxd5 10. Nxe5 Nxe5 11. Rxe5 c6 12. d3 Bd6 13. Re1 Qh4 14. g3 Qh3 15. Re4 Nf6 16. Rh4 Qf5 17. Nd2 g5 18. Rh6 Ng4 19. Ne4 Nxh6 20. Nxd6 Qg6 21. Ne4 Bg4 22. Qd2 Nf5 23. h3 Bf3 24. Nxg5 Bd5 25. Bc2 h6 26. Ne4 Rfe8 27. Qf4 Nd6 28. f3 Re6 29. Be3 Rae8 30. Bc5 Nf5 31. Kf2 Ng7 32. g4 Kh8 33. Bd4 Bxe4 34. dxe4 R6e7 35. Rd1 Kg8 36. Be3 h5 37. gxh5 Qxh5 38. Rg1 f5 39. Bb3+ Kh7 40. Rg5 Qxh3 41. Rg2 Nh5 42. Qh6# 1-0

[Event "Sparkassen-Open A"]
[Site "Heusenstamm, Martinsee"]
[Date "2024.11.22"]
[Round "3.31"]
[White "Michels, Achim"]
[Black "de Reuter, Uwe"]
[Result "1/2-1/2"]
[WhiteElo "2163"]
[BlackElo "2012"]
[PlyCount "23"]
[EventDate "2024.11.21"]
[WhiteTeam "SC ML Kastellaun"]
[BlackTeam "Schachforum Darmstadt 1994"]

1. d4 d5 2. c4 e6 3. Nc3 c6 4. e3 Bd6 5. f4 f5 6. Nf3 Nf6 7. Bd3 O-O 8. O-O b6 9. Ne5 Ba6 10. cxd5 Bxd3 11. Qxd3 cxd5 12. Bd2 1/2-1/2

[Event "Sparkassen-Open A"]
[Site "Heusenstamm, Martinsee"]
[Date "2024.11.22"]
[Round "3.32"]
[White "Hoppe, Thilo"]
[Black "Thomas, Tobias"]
[Result "1-0"]
[WhiteElo "2127"]
[BlackElo "1979"]
[PlyCount "65"]
[EventDate "2024.11.21"]
[WhiteTeam "SC Bonn Beuel"]
[BlackTeam "SK Langen"]

1. d4 Nf6 2. c4 g6 3. Nc3 d5 4. cxd5 Nxd5 5. e4 Nxc3 6. bxc3 Bg7 7. Bc4 O-O 8. Ne2 c5 9. O-O Nc6 10. Be3 Bg4 11. f3 Bd7 12. Rb1 a6 13. d5 Na5 14. Bd3 Re8 15. Qd2 e6 16. Nf4 Rc8 17. Rfd1 b5 18. Rbc1 Be5 19. dxe6 Bxe6 20. Nxe6 Rxe6 21. f4 Bg7 22. Qf2 Rd6 23. Be2 Rxd1+ 24. Rxd1 Qe7 25. e5 Bf8 26. h3 Nb3 27. Bf3 c4 28. Kh1 Nc5 29. Bg4 Rc7 30. Rd5 Nd3 31. Qd2 Qh4 32. Kh2 Qe1 33. Rxd3 1-0

[Event "Sparkassen-Open A"]
[Site "Heusenstamm, Martinsee"]
[Date "2024.11.22"]
[Round "3.33"]
[White "Lutterbach, Jakob"]
[Black "Windmüller, Simon"]
[Result "1-0"]
[WhiteElo "1914"]
[BlackElo "2108"]
[PlyCount "89"]
[EventDate "2024.11.21"]
[WhiteTeam "SK Bingen"]
[BlackTeam "SC Turm Illingen"]

1. c4 c6 2. e4 d5 3. exd5 cxd5 4. d4 Nf6 5. Nc3 Nc6 6. Nf3 a6 7. Bg5 Be6 8. Bxf6 exf6 9. c5 Be7 10. a3 O-O 11. b4 b6 12. Be2 bxc5 13. dxc5 d4 14. Na4 Bf5 15. Bd3 Bxd3 16. Qxd3 Ne5 17. Qe4 Nxf3+ 18. Qxf3 Qd7 19. Nb6 Qe6+ 20. Qe2 Ra7 21. Qxe6 fxe6 22. Kd2 Rd8 23. Rhe1 Kf7 24. Kd3 e5 25. Rac1 Rb8 26. c6 Bd8 27. Nd5 Rc8 28. Rc5 Be7 29. Nxe7 Kxe7 30. f4 Rac7 31. fxe5 Rxc6 32. exf6+ Kxf6 33. Kxd4 Rd6+ 34. Kc3 Rcd8 35. Re3 g5 36. Kb3 h5 37. Ree5 Rd2 38. Rf5+ Ke6 39. Rce5+ Kd6 40. Rxg5 Rd3+ 41. Kc4 Rxa3 42. Rd5+ Kc7 43. Rxd8 Kxd8 44. Rxh5 Ke7 45. Ra5 1-0

[Event "Sparkassen-Open A"]
[Site "Heusenstamm, Martinsee"]
[Date "2024.11.22"]
[Round "3.34"]
[White "Villwock, Martin"]
[Black "Müller, Maximilian"]
[Result "1-0"]
[WhiteElo "2075"]
[BlackElo "2005"]
[PlyCount "55"]
[EventDate "2024.11.21"]
[WhiteTeam "SF Essen-Katernberg 0"]
[BlackTeam "SVG Saarbrücken 1970 e.V."]

1. b3 Nf6 2. Bb2 e6 3. e3 b6 4. Nf3 Bb7 5. d4 d5 6. Bd3 Nbd7 7. O-O Bd6 8. Ne5 O-O 9. Nd2 c5 10. f4 Ne4 11. f5 Bxe5 12. dxe5 Qg5 13. Rf3 exf5 14. Bb5 Qe7 15. Nxe4 fxe4 16. Rh3 Rfd8 17. Bxd7 Qxd7 18. Qh5 h6 19. Rf1 Qe6 20. Rf6 gxf6 21. Qxh6 Qxh3 22. gxh3 fxe5 23. Bxe5 f6 24. Qg6+ Kf8 25. Qxf6+ Ke8 26. Qe6+ Kf8 27. Bf4 d4 28. Bh6# 1-0

[Event "Sparkassen-Open A"]
[Site "Heusenstamm, Martinsee"]
[Date "2024.11.22"]
[Round "3.35"]
[White "Paeslack, Luis"]
[Black "Pilhöfer, Lukas"]
[Result "0-1"]
[WhiteElo "2043"]
[BlackElo "1949"]
[PlyCount "52"]
[EventDate "2024.11.21"]
[WhiteTeam "SC Aschaffenburg e.V."]
[BlackTeam "SC Sulzbach-Rosenberg"]

1. d4 Nf6 2. Nc3 d5 3. Bf4 g6 4. h4 c5 5. e3 cxd4 6. exd4 a6 7. Qd2 Nc6 8. Nf3 Bf5 9. Ne5 Qb6 10. O-O-O Rc8 11. f3 Nb4 12. Kb1 Bxc2+ 13. Ka1 Bxd1 14. Qxd1 Qxd4 15. Qb3 Qxf4 16. Qa4+ b5 17. Bxb5+ axb5 18. Qxb5+ Nc6 19. Qb7 Qxe5 20. Qxc8+ Nd8 21. Nb5 e6 22. Nc7+ Ke7 23. a4 Bg7 24. Nb5 Nd7 25. Rb1 Qb8 26. Qc2 Nb7 0-1

[Event "Sparkassen-Open A"]
[Site "Heusenstamm, Martinsee"]
[Date "2024.11.22"]
[Round "3.36"]
[White "Böddeker, Henry"]
[Black "Klein, Levent"]
[Result "1-0"]
[WhiteElo "2059"]
[BlackElo "1966"]
[PlyCount "111"]
[EventDate "2024.11.21"]
[WhiteTeam "SF Berlin 1903 e.V."]
[BlackTeam "SK Kaiserslautern 1905"]

1. e4 c6 2. Nc3 d5 3. Nf3 Bg4 4. h3 Bxf3 5. Qxf3 e6 6. Be2 Nf6 7. O-O Nbd7 8. d4 dxe4 9. Nxe4 Nxe4 10. Qxe4 Nf6 11. Qd3 Be7 12. Bf3 O-O 13. Rd1 Qc7 14. c4 Rfd8 15. Be3 Rd7 16. Qc3 Rad8 17. b4 Ne8 18. g3 Bf6 19. Rac1 Nd6 20. g4 Nc8 21. g5 Be7 22. a4 Bd6 23. b5 Ne7 24. d5 cxd5 25. cxd5 Qxc3 26. Rxc3 Nxd5 27. Bxd5 exd5 28. Bxa7 Bc7 29. Bd4 Kf8 30. Kg2 Re8 31. Kf3 Re4 32. b6 Rf4+ 33. Kg2 Rxd4 34. Rxd4 Bxb6 35. Rdd3 f6 36. gxf6 gxf6 37. Rb3 Rd6 38. Rb5 Ke7 39. a5 Bd8 40. Rbxd5 Rxd5 41. Rxd5 Bc7 42. Rb5 Ke6 43. Rxb7 Bxa5 44. Rxh7 Bd2 45. Kf3 Kf5 46. Rh5+ Kg6 47. Rd5 Bc1 48. Kg4 Ba3 49. h4 Bc1 50. h5+ Kh6 51. Rd6 Bb2 52. f4 Bc3 53. Kf5 Kxh5 54. Rxf6 Bxf6 55. Kxf6 Kh6 56. f5 1-0

[Event "Sparkassen-Open A"]
[Site "Heusenstamm, Martinsee"]
[Date "2024.11.22"]
[Round "3.37"]
[White "Fischermann, Simon"]
[Black "Wachsmann, Dietmar"]
[Result "1/2-1/2"]
[WhiteElo "1885"]
[BlackElo "2014"]
[PlyCount "53"]
[EventDate "2024.11.21"]
[WhiteTeam "SG Porz e. V."]
[BlackTeam "SC Groß-Umstadt"]

1. e4 c5 2. Nc3 e6 3. f4 d5 4. Nf3 dxe4 5. Nxe4 Nf6 6. Ng3 Nc6 7. Bc4 Bd6 8. d3 Qc7 9. Qd2 Bd7 10. O-O Na5 11. Bb3 h5 12. Re1 O-O-O 13. Ne5 h4 14. Ne4 Bxe5 15. fxe5 Nxe4 16. Rxe4 Bc6 17. Rg4 h3 18. g3 Qxe5 19. Qe3 Qd6 20. Qf4 Qd7 21. Rxg7 c4 22. Rxf7 e5 23. Qxe5 Qxf7 24. Bf4 Rhe8 25. Qb8+ Kd7 26. Qc7+ Ke6 27. Qe5+ 1/2-1/2

[Event "Sparkassen-Open A"]
[Site "Heusenstamm, Martinsee"]
[Date "2024.11.22"]
[Round "3.38"]
[White "Li, Yunqi"]
[Black "Sasikumar Anitha, Sarvesh"]
[Result "1-0"]
[WhiteElo "2046"]
[BlackElo "1827"]
[PlyCount "113"]
[EventDate "2024.11.21"]
[WhiteTeam "SF 59 Kornwestheim"]
[BlackTeam "SK 1858 Gießen"]

1. d4 Nf6 2. Nf3 d5 3. c4 e6 4. cxd5 exd5 5. Nc3 Be7 6. Bg5 O-O 7. Qc2 c6 8. e3 Nbd7 9. Bd3 Re8 10. O-O Nf8 11. Rab1 h6 12. Bh4 Ne4 13. Bxe7 Qxe7 14. b4 a6 15. a4 Ng6 16. b5 axb5 17. axb5 Nxc3 18. Qxc3 Bg4 19. Nd2 Qg5 20. Kh1 Nh4 21. Rg1 Qf6 22. bxc6 bxc6 23. f3 Bd7 24. e4 Ng6 25. Rb7 Rad8 26. e5 Qg5 27. Bxg6 Qxg6 28. Nb3 Be6 29. Rc7 Rc8 30. Qxc6 Rxc7 31. Qxe8+ Kh7 32. Nc5 Rc8 33. Qe7 Rb8 34. Qh4 Rb1 35. h3 Rxg1+ 36. Kxg1 Qb1+ 37. Kh2 Qg6 38. Qg3 Qc2 39. Nxe6 fxe6 40. Qg4 Qc6 41. f4 Qd7 42. h4 Qf7 43. h5 Kg8 44. g3 Kh7 45. Kh3 Kg8 46. Qg6 Qd7 47. Kg4 Kh8 48. Kh4 Qe7+ 49. Kh3 Qd7 50. Kg4 Qe7 51. f5 Qb4 52. f6 Qf8 53. fxg7+ Qxg7 54. Qxg7+ Kxg7 55. Kf4 Kf7 56. g4 Kg7 57. g5 1-0

[Event "Sparkassen-Open A"]
[Site "Heusenstamm, Martinsee"]
[Date "2024.11.22"]
[Round "3.39"]
[White "Smith, Bryan"]
[Black "Kalepky, Helmut"]
[Result "1-0"]
[WhiteElo "2399"]
[BlackElo "1951"]
[PlyCount "61"]
[EventDate "2024.11.21"]
[WhiteTeam "TSV Poing"]
[BlackTeam "Sfr.Heidesheim"]

1. e4 c6 2. d4 d6 3. Nc3 b5 4. f4 g6 5. Be3 Bg7 6. Nf3 e6 7. Bd3 Ne7 8. Qd2 Nd7 9. e5 d5 10. Ne2 Nb6 11. b3 a5 12. c3 Bd7 13. h3 a4 14. O-O h5 15. g4 Ng8 16. Kg2 hxg4 17. hxg4 axb3 18. axb3 Rxa1 19. Rxa1 Ne7 20. Ng3 f5 21. exf6 Bxf6 22. Qc2 Kf7 23. Ne5+ Bxe5 24. fxe5 Qg8 25. Bg5 Nbc8 26. Qf2+ Ke8 27. Ra8 Qf7 28. Qf6 Rg8 29. Ne2 Qh7 30. Nf4 Rh8 31. Qxe7+ 1-0

[Event "Sparkassen-Open A"]
[Site "Heusenstamm, Martinsee"]
[Date "2024.11.22"]
[Round "3.40"]
[White "Weber, Samuel"]
[Black "Bezsonna, Polina"]
[Result "1-0"]
[WhiteElo "2260"]
[BlackElo "1949"]
[PlyCount "81"]
[EventDate "2024.11.21"]
[WhiteTeam "SV Oberursel"]
[BlackTeam "SK Bad Homburg 1927"]

1. Nf3 Nf6 2. g3 g6 3. Bg2 Bg7 4. O-O O-O 5. d3 d6 6. a3 e5 7. c4 c6 8. Nc3 Re8 9. e4 d5 10. exd5 cxd5 11. Bg5 dxc4 12. dxc4 Nbd7 13. Qd2 Qb6 14. b4 e4 15. Nd4 h6 16. c5 Qd8 17. Bxh6 Bxh6 18. Qxh6 Nxc5 19. Rad1 Ncd7 20. Rfe1 Ng4 21. Qf4 f5 22. Ndb5 Re5 23. Rd6 Kh7 24. Nxe4 fxe4 25. Qxg4 Qg5 26. Rxd7+ Bxd7 27. Qxd7+ Re7 28. Qh3+ Kg7 29. Nd4 Rae8 30. Re3 Qf6 31. Ne2 Rf8 32. Nf4 Rd8 33. Qg4 Kh7 34. Bxe4 Ra8 35. Qh5+ Kg7 36. Nxg6 Rf7 37. Rf3 Qa1+ 38. Kg2 Rxf3 39. Bxf3 Qf6 40. Ne5 Rh8 41. Qg4+ 1-0

[Event "Sparkassen-Open A"]
[Site "Heusenstamm, Martinsee"]
[Date "2024.11.22"]
[Round "3.41"]
[White "Sydykov, Bayastan"]
[Black "Bauer, Laura Sophie"]
[Result "1-0"]
[WhiteElo "2251"]
[BlackElo "1927"]
[PlyCount "79"]
[EventDate "2024.11.21"]
[WhiteTeam "SK 1858 Gießen"]
[BlackTeam "SK Kelheim 1920"]

1. e4 c5 2. Nf3 Nc6 3. d4 cxd4 4. Nxd4 g6 5. c4 Nf6 6. Nc3 d6 7. Be2 Nxd4 8. Qxd4 Bg7 9. Be3 O-O 10. Qd3 Be6 11. O-O Qa5 12. Bd4 Rfc8 13. b3 a6 14. a4 Nd7 15. Bxg7 Kxg7 16. Kh1 Nc5 17. Qc2 Qd8 18. f4 a5 19. f5 Bd7 20. Nd5 f6 21. Bf3 Bc6 22. Nf4 g5 23. Ne2 Qc7 24. Nd4 Rab8 25. Rfe1 Rd8 26. Rad1 Rbc8 27. Bh5 Bd7 28. Re3 Rh8 29. h4 h6 30. Ne2 Rcg8 31. Nc3 Kf8 32. Nd5 Qb8 33. Qc3 Qd8 34. Nxf6 exf6 35. Rxd6 Kg7 36. Qd4 b6 37. e5 Rf8 38. exf6+ Rxf6 39. Rxf6 Qxf6 40. Re7+ 1-0

[Event "Sparkassen-Open A"]
[Site "Heusenstamm, Martinsee"]
[Date "2024.11.22"]
[Round "3.42"]
[White "Rutsatz, Mario"]
[Black "Neukirchner, Pascal"]
[Result "0-1"]
[WhiteElo "1932"]
[BlackElo "2255"]
[PlyCount "78"]
[EventDate "2024.11.21"]
[WhiteTeam "SC 1961 König Nied"]
[BlackTeam "Heilbronner SV"]

1. Nf3 c5 2. b3 d6 3. Bb2 e5 4. e4 Nf6 5. Nc3 Be7 6. Bb5+ Bd7 7. Bxd7+ Qxd7 8. Qe2 Nc6 9. O-O O-O 10. Nd5 Nxd5 11. exd5 Nb4 12. c4 f5 13. a3 Na6 14. d3 b5 15. Nd2 Bg5 16. Rac1 Rab8 17. Nf3 Bf6 18. Qc2 bxc4 19. bxc4 Qb7 20. Qa4 Qxb2 21. Qxa6 Qb6 22. Qa4 Qb3 23. Qxa7 Qxd3 24. Qa6 Rfd8 25. Rc3 Qc2 26. Ne1 Qb2 27. Nd3 Qb6 28. Qxb6 Rxb6 29. Nc1 Ra8 30. Ne2 Ra4 31. f4 e4 32. g4 Bd4+ 33. Nxd4 cxd4 34. Rg3 Rxc4 35. gxf5 Kf7 36. Kh1 Kf6 37. Rfg1 Rb7 38. Rh3 d3 39. Rxh7 d2 0-1

[Event "Sparkassen-Open A"]
[Site "Heusenstamm, Martinsee"]
[Date "2024.11.22"]
[Round "3.43"]
[White "Heppert, Lars"]
[Black "Henrich, Thomas"]
[Result "1-0"]
[WhiteElo "1911"]
[BlackElo "2085"]
[PlyCount "121"]
[EventDate "2024.11.21"]
[WhiteTeam "SK Neuburg"]
[BlackTeam "SK Marburg 1931/72"]

1. Nf3 c5 2. e4 Nc6 3. g3 g6 4. Bg2 Bg7 5. O-O Nf6 6. Re1 O-O 7. c3 d6 8. d4 Bg4 9. h3 Bxf3 10. Bxf3 Nd7 11. Be3 cxd4 12. cxd4 Qa5 13. Nc3 Nb6 14. Be2 Qb4 15. d5 Qxb2 16. dxc6 Qxc3 17. cxb7 Rab8 18. Rc1 Qa5 19. Rc7 Nd5 20. Qxd5 Qxc7 21. Rb1 e6 22. Qb5 Qc2 23. Bd3 Qxa2 24. Qa6 Qxa6 25. Bxa6 Be5 26. f4 Bc3 27. Bxa7 e5 28. Bxb8 Rxb8 29. Kg2 Bd4 30. Rc1 Ba7 31. Rc7 Rf8 32. Bc4 Bb8 33. Rd7 Kg7 34. f5 gxf5 35. exf5 Kf6 36. g4 e4 37. Bd5 Ke5 38. Bxf7 Kd4 39. Kf2 Kd3 40. Ke1 h6 41. Be6 e3 42. Bf7 e2 43. Bg6 Rg8 44. Re7 d5 45. Rxe2 Rg7 46. Rb2 d4 47. h4 Kc3 48. Rb5 Re7+ 49. Kf2 d3 50. g5 hxg5 51. hxg5 Re2+ 52. Kf1 Rh2 53. Kg1 d2 54. Rd5 Rh4 55. Kf2 Ba7+ 56. Kg3 Rh1 57. f6 d1=Q 58. Rxd1 Rxd1 59. f7 Rd8 60. Bf5 Bb8+ 61. Kg4 1-0

[Event "Sparkassen-Open A"]
[Site "Heusenstamm, Martinsee"]
[Date "2024.11.22"]
[Round "3.44"]
[White "Bardorz, Jana"]
[Black "Musiienko, Platon"]
[Result "1/2-1/2"]
[WhiteElo "2083"]
[BlackElo "1947"]
[PlyCount "101"]
[EventDate "2024.11.21"]
[WhiteTeam "TSV 1869 e. V. Rottendorf"]
[BlackTeam "Wiesbadener SV 1885"]

1. e4 c5 2. Nf3 g6 3. d4 cxd4 4. Nxd4 Nc6 5. c4 Nf6 6. Nc3 d6 7. Be2 Nxd4 8. Qxd4 Bg7 9. Be3 O-O 10. Qd2 a5 11. O-O a4 12. f3 Qa5 13. Rac1 Be6 14. Rfd1 Rfc8 15. Nd5 Qxd2 16. Bxd2 Nxd5 17. exd5 Bd7 18. Bc3 Rab8 19. Bxg7 Kxg7 20. Kf2 b5 21. cxb5 Rxc1 22. Rxc1 Bxb5 23. Bd1 Kf6 24. b3 axb3 25. Bxb3 Rb7 26. f4 e5 27. Ke3 Re7 28. a4 exf4+ 29. Kxf4 g5+ 30. Kf3 Be8 31. Rc8 Ke5 32. Rb8 f5 33. a5 Bf7 34. a6 Bxd5+ 35. Bxd5 Kxd5 36. Rb7 Re1 37. Rb5+ Kc6 38. Ra5 Re8 39. Rxf5 Ra8 40. Rxg5 Rxa6 41. Rg7 h5 42. Rg5 h4 43. Rg4 Ra3+ 44. Ke2 h3 45. gxh3 Rxh3 46. Rg5 Rxh2+ 47. Kd3 Rh3+ 48. Kd4 Rh4+ 49. Kd3 d5 50. Rg8 Rh7 51. Kd4 1/2-1/2

[Event "Sparkassen-Open A"]
[Site "Heusenstamm, Martinsee"]
[Date "2024.11.22"]
[Round "3.45"]
[White "Karaissaridis, Christos"]
[Black "Reschke, Thomas"]
[Result "1-0"]
[WhiteElo "1911"]
[BlackElo "2082"]
[PlyCount "61"]
[EventDate "2024.11.21"]
[WhiteTeam "SK 1947 Sandhausen e.V."]
[BlackTeam "SC Frankfurt-West"]

1. d4 g6 2. c4 Bg7 3. Nc3 d6 4. e4 Nc6 5. Be3 e5 6. d5 Nd4 7. Nge2 Nxe2 8. Bxe2 f5 9. f4 exf4 10. Bxf4 Nf6 11. e5 dxe5 12. Bxe5 O-O 13. Qd2 Re8 14. O-O-O Qe7 15. Bxf6 Bxf6 16. Qd3 Bxc3 17. Qxc3 Qg5+ 18. Qd2 Qxg2 19. Rhe1 Qxh2 20. c5 Bd7 21. d6 Qh4 22. dxc7 Bc6 23. Qc3 Qh6+ 24. Rd2 Bd5 25. Kb1 Bf7 26. Rd7 Qg7 27. Bc4 Rf8 28. Qxg7+ Kxg7 29. Ree7 Rac8 30. Bxf7 Kf6 31. Bd5 1-0

[Event "Sparkassen-Open A"]
[Site "Heusenstamm, Martinsee"]
[Date "2024.11.22"]
[Round "3.46"]
[White "Steinle, Carsten"]
[Black "Eggenstein, Frank"]
[Result "1/2-1/2"]
[WhiteElo "2054"]
[BlackElo "1945"]
[PlyCount "24"]
[EventDate "2024.11.21"]
[WhiteTeam "Schachverein Ahlen 1954 e. V."]
[BlackTeam "Schachverein Datteln 1924"]

1. Nf3 Nf6 2. g3 g6 3. Bg2 Bg7 4. O-O O-O 5. d4 d6 6. b3 c6 7. Bb2 Qa5 8. Nbd2 Qh5 9. e4 Bg4 10. Qe2 Nfd7 11. Rae1 c5 12. c3 cxd4 1/2-1/2

[Event "Sparkassen-Open A"]
[Site "Heusenstamm, Martinsee"]
[Date "2024.11.22"]
[Round "3.47"]
[White "Werner, Rosalie"]
[Black "Stümer, Paul"]
[Result "1-0"]
[WhiteElo "1904"]
[BlackElo "2078"]
[PlyCount "103"]
[EventDate "2024.11.21"]
[WhiteTeam "VSG 1880 Offenbach"]
[BlackTeam "SV Bergneustadt/Dersch"]

1. e4 c5 2. Nf3 Nc6 3. d4 cxd4 4. Nxd4 g6 5. c4 Bh6 6. Bxh6 Nxh6 7. Qd2 Ng4 8. b3 Nf6 9. Nc3 O-O 10. Be2 d6 11. O-O Be6 12. h3 Rc8 13. Kh1 Qa5 14. Rfd1 Nxd4 15. Qxd4 a6 16. a4 Nd7 17. Rab1 Qb4 18. Bg4 Nc5 19. Qe3 Rcd8 20. Ne2 Bxg4 21. hxg4 Ne6 22. Nc3 Qc5 23. Qd2 Qe5 24. g3 g5 25. Kg2 Kg7 26. Qe1 Nc7 27. Qe3 h6 28. Rd2 e6 29. Rbd1 Rg8 30. f4 gxf4 31. gxf4 Qf6 32. Rxd6 Rxd6 33. Rxd6 Kh7 34. Kh3 Qg7 35. Qf3 Ne8 36. Rd1 Nf6 37. Rg1 h5 38. g5 Ng4 39. e5 Rd8 40. Ne4 Rd4 41. Nf6+ Nxf6 42. exf6 Qg6 43. Kh4 e5 44. Qxh5+ Qxh5+ 45. Kxh5 Rxf4 46. Re1 e4 47. Rd1 Rf5 48. Rd7 Re5 49. Rxf7+ Kg8 50. Re7 Rxe7 51. fxe7 Kf7 52. Kg4 1-0

[Event "Sparkassen-Open A"]
[Site "Heusenstamm, Martinsee"]
[Date "2024.11.22"]
[Round "3.48"]
[White "Pradeep, Harshill"]
[Black "Berkes, Alexander"]
[Result "0-1"]
[WhiteElo "1894"]
[BlackElo "2036"]
[PlyCount "58"]
[EventDate "2024.11.21"]
[WhiteTeam "SK Bickenbach"]
[BlackTeam "SK Langen"]

1. e4 e6 2. d4 d5 3. e5 c5 4. c3 Nc6 5. Nf3 Qb6 6. Bd3 cxd4 7. O-O Bd7 8. Re1 Nge7 9. h4 dxc3 10. Nxc3 a6 11. Bd2 Nd4 12. Ng5 Nef5 13. Bxf5 Nxf5 14. Qf3 Be7 15. Nxf7 O-O 16. Ng5 Bc5 17. Rf1 h6 18. Nh3 Qxb2 19. Qd3 Bb5 20. Nxb5 Qxb5 21. Qxb5 axb5 22. Nf4 Ra6 23. Rab1 Ng3 24. Rfe1 Ne4 25. Be3 Rxf4 26. Bxf4 Bxf2+ 27. Kf1 Bxe1 28. Kxe1 Rxa2 29. Rxb5 Ra1+ 0-1

[Event "Sparkassen-Open A"]
[Site "Heusenstamm, Martinsee"]
[Date "2024.11.22"]
[Round "3.49"]
[White "Zekovic, Alija"]
[Black "Brehme, Ralf-Peter"]
[Result "1/2-1/2"]
[WhiteElo "2069"]
[BlackElo "1934"]
[PlyCount "124"]
[EventDate "2024.11.21"]
[WhiteTeam "Dietzenbach"]
[BlackTeam "Vorw.Orient Mainz"]

1. e4 d5 2. exd5 Nf6 3. c4 e6 4. Qa4+ Bd7 5. Qb3 exd5 6. cxd5 Na6 7. d4 Qe7+ 8. Be3 Qb4+ 9. Nc3 Qxb3 10. axb3 Nb4 11. Rc1 Nbxd5 12. Nf3 Bb4 13. Bd3 O-O 14. O-O c6 15. Ng5 h6 16. Nge4 Rfe8 17. Nxf6+ Nxf6 18. Ra1 Nd5 19. Bd2 Nf6 20. f3 Be6 21. Bc2 a6 22. Rfe1 Rad8 23. Ra4 Bf8 24. Be3 Nd5 25. Nxd5 Bxd5 26. Bd2 Rxe1+ 27. Bxe1 Re8 28. Kf2 Bd6 29. g3 Kf8 30. Ra1 Kg8 31. Bd2 Kf8 32. f4 Be4 33. Bd1 Bd5 34. b4 Bc4 35. Bf3 Bb8 36. Rc1 Bb5 37. Bc3 Ba7 38. Re1 Rxe1 39. Kxe1 Bc4 40. Kd2 f6 41. h4 Ke7 42. Ke3 Ke6 43. g4 Bd5 44. Be2 Bb8 45. Bd3 Kf7 46. h5 Be6 47. Be2 Bd6 48. Bf3 Bd7 49. Be4 Be6 50. Kf3 Bd5 51. Bd2 Bxe4+ 52. Kxe4 Ke6 53. f5+ Kd7 54. d5 cxd5+ 55. Kxd5 Be7 56. b3 Bf8 57. Kc4 Kc6 58. Bc3 b5+ 59. Kd4 Be7 60. Bd2 Bf8 61. Ke4 Be7 62. Bc3 Bf8 1/2-1/2